Đang tải...

HORTICULTURAL ABSTRACTS

Chi tiết về thư mục
Định dạng: Continuing Resources
Được phát hành: CAMBRIDGE CAB INTERNATIONAL 1968
Những chủ đề:
LEADER 00497nam a2200205 4500
020
037
082 |a 635 05 HO A 
100
245 |a HORTICULTURAL ABSTRACTS  |h English 
250
260 |a CAMBRIDGE  |b CAB INTERNATIONAL  |c 1968 
300 |a 206  |f hb 
500
590
630
650 |a HORTICULTURAL ABSTRACTS 
942 |c CR 
999 |c 168663  |d 168663 
952 |0 0  |1 0  |4 0  |6 635_050000000000000_HO_A  |7 0  |9 182104  |a BOT  |b BOT  |l 0  |o 635 05 HO A  |p BOT3755  |r 2019-10-25  |w 2019-10-25  |y CR